Kaise samjhau-Bhairvi/ (Record no. 43456)

MARC details
000 -LEADER
fixed length control field 00907njm a22002297a 4500
005 - DATE AND TIME OF LATEST TRANSACTION
control field 20100901115333.0
006 - FIXED-LENGTH DATA ELEMENTS--ADDITIONAL MATERIAL CHARACTERISTICS--GENERAL INFORMATION
fixed length control field a|||||r|||||00| 0
007 - PHYSICAL DESCRIPTION FIXED FIELD--GENERAL INFORMATION
fixed length control field sd ammalaaahaa
008 - FIXED-LENGTH DATA ELEMENTS--GENERAL INFORMATION
fixed length control field 100901t xxu||||| |||| 00| 0 eng d
028 ## - PUBLISHER NUMBER
Publisher number P 10740
Source His Master's Voice
035 ## - SYSTEM CONTROL NUMBER
System control number GR-324
040 ## - CATALOGING SOURCE
Original cataloging agency SED
Transcribing agency SED
100 ## - MAIN ENTRY--PERSONAL NAME
Personal name Kerkar, Surshree Kesarbal
9 (RLIN) 17891
245 ## - TITLE STATEMENT
Title Kaise samjhau-Bhairvi/
Statement of responsibility, etc by Surshree Kesarbai Kerkar
Medium [Sound recording]
246 ## - VARYING FORM OF TITLE
Title proper/short title कैसे समझाऊ -भैरवी / सुरश्री केसरबाई केरकर
260 ## - PUBLICATION, DISTRIBUTION, ETC. (IMPRINT)
Place of publication, distribution, etc DUM DUM, India
Name of publisher, distributor, etc His Master's Voice
300 ## - PHYSICAL DESCRIPTION
Extent 1 Sound disc [Gramophone Recording] :
Other physical details analog, 33 1/3 rpm
Dimensions 9.5 in. (MP)
Type of unit Gramophone Record
500 ## - GENERAL NOTE
General note Brief record
505 ## - FORMATTED CONTENTS NOTE
Formatted contents note Side-2 मोरा रे (Mora Re) (Surshree Kesarbai Kerkar)
650 ## - SUBJECT ADDED ENTRY--TOPICAL TERM
Topical term or geographic name as entry element Classical music
General subdivision Excerpts
Geographic subdivision India
9 (RLIN) 17892
942 ## - ADDED ENTRY ELEMENTS (KOHA)
Source of classification or shelving scheme Dewey Decimal Classification
Item type Gramaphone Records

No items available.


© Delhi Public Library
Hit Counter
free hit counter